LEADER 01092nam a2200265 i 4500 001 991003555739707536 008 080415s1997 it 001 0 ita d 020 $a8835946182 035 $ab13714806-39ule_inst 040 $aFacoltà SSPT$bita 082 0 $a335.40 245 00$a[Gramsci e la rivoluzione in Occidente /$ca cura di Alberto Burgio e Antonio A. Santucci] 260 $aRoma :$bEditori riuniti,$c1999 300 $axii, 377 p. ;$c21 cm 500 $aAtti del convegno internazionale promosso dal Partito della rifondazione comunista : Torino, 4-6 dicembre 1997 500 $aTit. dalla cop. - Volume privo di frontespizio 600 14$aGramsci, Antonio$vCongressi$zTorino$y1997 700 1 $aBurgio, Alberto 700 1 $aSantucci, Antonio A. 907 $a.b13714806$b02-04-14$c15-04-08 912 $a991003555739707536 945 $aLE021 335.40 BUR01.01$g1$i2020000002710$lle021$op$pE20.66$q-$rn$s- $t0$u2$v0$w2$x0$y.i14724650$z15-04-08 996 $aGramsci e la rivoluzione in Occidente$9500152 997 $aUNISALENTO 998 $ale020$b15-04-08$cm$da $e-$fita$git $h0$i0 LEADER 01456oam 2200397z- 450 001 9910694403403321 005 20081016102313.0 035 $a(CKB)5470000000937661 035 $a(WsH)fdsysaiax 035 $a(BIP)025770226 035 $a(EXLCZ)995470000000937661 100 $a20211006c2008uuuu -u- - 101 0 $aeng 200 10$aFindings of the Veterans' Disability Benefits Commission $ehearing before the Committee on Veterans' Affairs, U.S. House of Representatives, One Hundred Tenth Congress, first session, October 10, 2007 215 $a1 online resource (iii, 62 p.) 311 $a0-16-081430-8 517 $aFindings of the Veterans Disability Benefits Commission 606 $aDisabled veterans$xMedical care$zUnited States 606 $aDisability evaluation$xGovernment policy$zUnited States 606 $aDisabled veterans$xServices for$zUnited States 606 $aVeterans$xMedical care$zUnited States 610 $aUnited States 610 $aVeterans 610 $aMedical care 610 $aDisability evaluation 610 $aHistory 610 $aMedical 610 $aLaw 615 0$aDisabled veterans$xMedical care 615 0$aDisability evaluation$xGovernment policy 615 0$aDisabled veterans$xServices for 615 0$aVeterans$xMedical care 906 $aBOOK 912 $a9910694403403321 996 $aFindings of the Veterans' Disability Benefits Commission$93197330 997 $aUNINA